L'art et la vie sociale / (Record no. 18199)

MARC details
000 -LEADER
campo de control de longitud fija 00694nam a2200217 i 4500
001 - NÚMERO DE CONTROL
campo de control 18199
003 - IDENTIFICADOR DE NÚMERO DE CONTROL
campo de control ES-MaACL
005 - FECHA Y HORA DE LA ÚLTIMA TRANSACCIÓN
campo de control 20250812080616.0
007 - CAMPO FIJO DE DESCRIPCIÓN FÍSICA--INFORMACIÓN GENERAL
campo de control de longitud fija t|
008 - DATOS DE LONGITUD FIJA--INFORMACIÓN GENERAL
campo de control de longitud fija 011008s1949 fr ||||1| fre d
080 ## - NÚMERO DE LA CLASIFICACIÓN DECIMAL UNIVERSAL
Número de la Clasificación Decimal Universal 7.01:301
100 1# - ENTRADA PRINCIPAL--NOMBRE DE PERSONA
Nombre de persona Plejanov, Gueorgii Valentinovich.
9 (RLIN) 92643
245 12 - MENCIÓN DEL TÍTULO
Título L'art et la vie sociale /
Mención de responsabilidad, etc. Georges Plékhanov ; précéde de deux études de Jean Fréville.
260 ## - PUBLICACIÓN, DISTRIBUCIÓN, ETC.
Lugar de publicación, distribución, etc. Paris :
Nombre del editor, distribuidor, etc. Editions Sociales,
Fecha de publicación, distribución, etc. [1949]
300 ## - DESCRIPCIÓN FÍSICA
Extensión 317 p. :
Otras características físicas retr. del autor ;
Dimensiones 23 cm.
500 ## - NOTA GENERAL
Nota general Biblioteca Juan Andrade.
650 #7 - PUNTO DE ACCESO ADICIONAL DE MATERIA--TÉRMINO DE MATERIA
Término de materia o nombre geográfico como elemento de entrada Arte y sociedad
Fuente del encabezamiento o término embne
9 (RLIN) 177489
700 1# - ENTRADA AGREGADA--NOMBRE PERSONAL
Nombre de persona Freville, Jean.
9 (RLIN) 52559
852 ## - LOCALIZACIÓN
Ubicación ES-MaACL
Número de control de estantería AND-125
Sublocalización o colección R.109491
Holdings
Estatus retirado Estado de pérdida Estado de daño No para préstamo Biblioteca de origen Biblioteca actual Ubicación en estantería Fecha de adquisición Fuente de adquisición Total de préstamos Signatura topográfica completa Código de barras Visto por última vez Precio de reemplazo Tipo de ítem Koha
        Biblioteca del Ateneo de Madrid Biblioteca del Ateneo de Madrid Depósito 2 17/01/2008     AND-125 1018608 23/02/2023 23/02/2023 Libro impreso